| 000 | 00000nam##2200000za#4500 |
| 001 | 9.579126 |
| 003 | CaOODSP |
| 005 | 20210624190420 |
| 007 | cr ||||||||||| |
| 008 | 150406|1996||||xxc|||||o f|0| 0 eng|d |
| 022 | |a1488-5379 |
| 040 | |aCaOODSP|beng |
| 043 | |an-cn--- |
| 086 | 1 |aFs97-6/2136E-PDF |
| 110 | 1 |aCanada. |bDepartment of Fisheries and Oceans. |
| 245 | 10|aPhytoplankton Monitoring Program - Nova Scotia component - 1989 To 1994 / |h[electronic resource]|cby P.D. Keizer ... [et al.] |
| 260 | |aDartmouth - Nova Scotia : |bFisheries and Oceans Canada |c1996. |
| 300 | |a81p.|bfigs., graphs, references |
| 490 | 1 |aCanadian technical report of fisheries and aquatic sciences|x1488-5379|vNo. 2136 |
| 500 | |aOn t.p.: Bedford Institute of Oceanography, Dartmouth, Nova Scotia. The catalogue number and ISSN for the print edition appear in the PDF version. |
| 546 | |a(Résumé en français) |
| 590 | |a14-05-Supp|b2014-02-26 |
| 720 | 1 |aKeizer, P. D. |
| 830 | #0|aCanadian technical report of fisheries and aquatic sciences,|x1488-5379|vNo. 2136|w(CaOODSP)9.504449 |
| 856 | 40|ahttp://publications.gc.ca|qPDF|s5956 KB|uhttps://publications.gc.ca/collections/collection_2014/mpo-dfo/Fs97-6-2136-eng.pdf|yNo. 2136 |